000 00624nam a2200181 i 4500
001 25916
003 ES-MaACL
007 t|
008 030103q1944 sp ||||1| spa d
100 1 _aArnau, J.
_923053
245 1 0 _aMobiliario Renacimiento
_b: detalles ampliados para la construcción de los muebles... /
_cJ. Arnau.
260 _aBarcelona :
_bSerrahima y Urpi,
_c[1944?]
300 _a24 lám. ;
_c28 cm.
490 1 _aPublicaciones científicas, técnicas y artísticas
830 0 _aPublicaciones científicas, técnicas y artísticas
_9229151
852 _aES-MaACL
_jB-5239
_bR.28810
999 _c25916
_d25916